LIBRARY & INFORMATION CENTRE, KCAET, TAVANUR

ONLINE PUBLIC ACCESS CATALOGUE (OPAC)

Normal view MARC view
  • Jana, B.L

Entry Personal Name

Number of records used in: 1

001 - CONTROL NUMBER

  • control field: 6049

003 - CONTROL NUMBER IDENTIFIER

  • control field: OSt

005 - DATE AND TIME OF LATEST TRANSACTION

  • control field: 20240216104527.0

008 - FIXED-LENGTH DATA ELEMENTS

  • fixed length control field: 240216|| aca||aabn | a|a d

040 ## - CATALOGING SOURCE

  • Original cataloging agency: OSt
  • Transcribing agency: OSt

100 ## - HEADING--PERSONAL NAME

  • Personal name: Jana, B.L

670 ## - SOURCE DATA FOUND

  • Source citation: Work cat.: (OSt)13138: Jana, B.L ., Water harvesting and watershed management / , 2008.
free website counter